000 00229nam a22001097a 4500
999 _c65387
_d65384
082 _a297.266 ح م ی
100 _aحمیرااطھر
245 _aبابری مسجد
260 _aکراچی
300 _a۳۰۴
942 _cBK